UBT Library

Biological science: (Record no. 2342)

000 -LEADER
fixed length control field 00309nam a22001337a 4500
008 - FIXED-LENGTH DATA ELEMENTS--GENERAL INFORMATION
fixed length control field 160521b xxu||||| |||| 00| 0 eng d
020 ## - INTERNATIONAL STANDARD BOOK NUMBER
International Standard Book Number 9780321605306
020 ## - INTERNATIONAL STANDARD BOOK NUMBER
International Standard Book Number 9780321605306
020 ## - INTERNATIONAL STANDARD BOOK NUMBER
International Standard Book Number 0321605306
041 ## - LANGUAGE CODE
Language code of text/sound track or separate title eng
080 ## - UNIVERSAL DECIMAL CLASSIFICATION NUMBER
Universal Decimal Classification number 579
245 ## - TITLE STATEMENT
Title Biological science:
Statement of responsibility, etc Scott freeman;
942 ## - ADDED ENTRY ELEMENTS (KOHA)
Source of classification or shelving scheme
Item type Books
Holdings
Withdrawn status Lost status Source of classification or shelving scheme Damaged status Not for loan Collection code Permanent location Current location Shelving location Date acquired Total Checkouts Full call number Barcode Date last seen Price effective from Koha item type
          Koleksioni i përgjithshem UBT - Lipjan UBT - Lipjan Koleksioni i përgjithshem 05/21/2016   579FREE 002-035706 05/21/2016 05/21/2016 Books
UBT Library © 2015-2024. All rights reserved University Education for Business and Technology